[Event "European Blitz-ch 2018"]
[Site "Skopje"]
[Date "2018.12.06"]
[Round "10"]
[White "Arsovic, Zoran"]
[Black "Saric, Ante"]
[Result "1-0"]
[WhiteElo "2422"]
[BlackElo "2533"]
[Annotator "TA"]
[PlyCount "119"]
[EventDate "2018.12.06"]
[EventType "swiss"]
[EventCountry "MKD"]

{[%evp 19,119,21,29,9,9,10,11,6,4,0,0,-11,0,0,15,0,-5,0,8,0,18,27,37,34,93,83,225,33,42,46,47,46,133,135,129,124,131,121,187,187,176,170,202,184,183,150,159,135,182,114,130,107,141,110,104,101,189,79,82,68,112,-304,462,443,452,445,487,453,597,589,611,559,559,559,559,559,687,670,922,942,922,933,907,856,894,869,970,992,1031,1031,962,1024,999,979,931,924,885,857,996,1000,947,946]} 1. Nf3 Nf6 2. c4 e6 3. g3 d5 4. Bg2 dxc4 5. Qa4+ Bd7 6. Qxc4 {A13: English Opening: 1...e6} c5 7. Ne5 Qc8 8. Qd3 Nc6 9. Nxd7 Qxd7 (9... Nxd7 10. Nc3 Be7 11. O-O O-O 12. b3 Rd8 13. Bb2 Nb6 {1-0 (81) So,W (2780)-Wei,Y (2729) chess.com INT 2018}) 10. Qxd7+ Kxd7 {LiveBook: 14 Games} 11. O-O Rc8 12. Nc3 Be7 13. d3 $146 ({Predecessor:} 13. b3 Rhd8 {½-½ (55) Kanep,M (2492)-Neiksans,A (2628) Finland 2017}) 13... Rhd8 14. Be3 Ke8 15. Rfc1 b6 16. Nb5 Rd7 17. h3 Nd5 18. Bd2 Bf6 19. Rab1 a6 20. Nc3 Nd4 {White must now prevent ...Nxc3.} 21. Kf1 Rcc7 (21... Nb4 $14) 22. Na4 $16 Rd6 (22... Rb7 $16 {was necessary.}) 23. e3 $2 (23. Bxd5 $18 Rxd5 24. Nxb6) 23... Nb5 $1 $14 24. Ke2 Bd8 25. Nc3 Ra7 (25... Ndxc3+ $14 26. bxc3 (26. Bxc3 Nxc3+ 27. bxc3 Kf8 $14) 26... Rcd7) 26. Nxd5 $16 exd5 27. b4 $36 {[%mdl 2048] White is in control.} c4 {[%mdl 64] Decoy} 28. dxc4 dxc4 (28... Na3 $16 {was called for.}) 29. Rxc4 Na3 30. Re4+ Kd7 31. Rc1 b5 32. Rf4 Bf6 33. Be4 Nc4 34. Be1 (34. Bc3 $18) 34... Ke7 35. Bd3 (35. Bxh7 $6 g6 $14) 35... Nb2 36. Bb1 Rad7 37. Bf5 {aiming for Re4+.} Ra7 (37... Nd3 $16 38. Bxd3 Rxd3) 38. h4 (38. Re4+ $18 {is more deadly.} Kf8 39. Rc8+ (39. Bxh7 g6 $11) 39... Rd8 40. Rxd8+ Bxd8 41. Rd4 (41. Bxh7 g6 $16)) 38... g6 39. Bb1 Rad7 40. Bc2 $2 {[%mdl 8192]} (40. Rc8 $16 {keeps the pressure on.}) 40... Kf8 $4 {[%mdl 8192] [#]} (40... Rc7 $19 {And now ...Rdc6 would win.} 41. Bd2 Rdc6 42. Bxg6 (42. Re4+ $2 Kf8 $19) 42... fxg6) 41. Rxf6 $1 $18 {[%mdl 576] Remove Defender, Decoy. White is clearly winning.} Rxf6 42. Bc3 $1 {[%csl LRb2,LRf6][%mdl 64] Double Attack} Rfd6 43. Bxb2 Rd2+ 44. Ke1 f5 45. Bd4 R7xd4 46. exd4 Rxd4 {[%mdl 4096] Endgame KRB-KR} 47. a3 Rc4 48. Kd2 f4 49. Bd3 Rd4 50. Rc8+ Kg7 51. Rc7+ Kh8 52. Ke2 fxg3 53. fxg3 Rg4 54. Kf3 Rd4 55. Be4 Rd1 56. Ra7 Rf1+ 57. Kg2 Rf6 58. Bb7 Rf7 59. Ra8+ Kg7 60. Bxa6 {Accuracy: White = 54%, Black = 34%.} 1-0

[Event "European Blitz-ch 2018"]
[Site "Skopje"]
[Date "2018.12.06"]
[Round "10"]
[White "Zavgorodniy, Sergiy"]
[Black "Jirovsky, Milos"]
[Result "1/2-1/2"]
[WhiteElo "2420"]
[BlackElo "2448"]
[Annotator "RC"]
[PlyCount "61"]
[EventDate "2018.12.06"]
[EventType "swiss"]
[EventCountry "MKD"]

{[%evp 18,61,-12,-3,-2,-12,-7,-40,-29,-49,-38,-45,-46,-29,-38,-51,-55,-66,-19,-24,0,0,0,0,7,-11,8,0,0,-29,-22,-43,-42,-42,-17,-18,-19,-29,-12,-14,-12,-13,-11,-18,-9,-6]} 1. Nf3 Nf6 2. c4 d6 3. g3 e5 4. Bg2 Be7 5. O-O O-O 6. Nc3 c6 7. d3 h6 8. Rb1 Be6 9. b4 Nbd7 10. b5 {LiveBook: 5 Games. A22: English Opening: 1...e5 2 Nc3 Nf6} d5 11. bxc6 bxc6 12. Nd2 Qa5 13. Bb2 Rab8 {Threatens to win with ...Rxb2!} 14. Qa4 $146 Qxa4 15. Nxa4 Rb4 16. Nc3 Rfb8 17. Ba1 Rxb1 (17... d4 {with more complications.} 18. Nce4 Nxe4 19. Bxe4 R4b6 20. f4 f5) 18. Rxb1 Rxb1+ 19. Ncxb1 Kf8 20. Kf1 Bd6 21. Nc3 a6 22. Na4 Ke7 23. h4 Bb4 24. Bc3 Bxc3 25. Nxc3 Kd6 26. cxd5 cxd5 27. Ke1 Kc5 28. a3 $1 {The position is equal.} d4 29. Nce4+ Nxe4 30. Nxe4+ Kb5 {Threatening ...Ka4.} 31. Nd6+ {Accuracy: White = 46%, Black = 56%.} 1/2-1/2

[Event "European Blitz-ch 2018"]
[Site "Skopje"]
[Date "2018.12.06"]
[Round "10"]
[White "Pershin, Denis"]
[Black "Bartel, Mateusz"]
[Result "1-0"]
[WhiteElo "2400"]
[BlackElo "2600"]
[Annotator "TA"]
[PlyCount "89"]
[EventDate "2018.12.06"]
[EventType "swiss"]
[EventCountry "MKD"]

{[%evp 21,88,104,110,58,98,71,83,67,139,122,108,52,56,43,55,39,65,70,87,85,77,71,71,35,35,39,24,29,50,42,74,77,195,88,72,81,77,88,86,83,86,75,86,43,48,0,76,77,66,10,48,42,39,0,0,0,0,0,0,-18,-15,-41,0,-3,29997,29998,29998,29999,29999]} 1. e4 e5 2. Nf3 Nc6 3. Bc4 Nf6 4. Ng5 d5 5. exd5 Na5 6. Bb5+ c6 7. dxc6 bxc6 8. Bd3 h6 9. Ne4 {C58: Two Knights: 4 Ng5 d5 5 exd5 Na5 sidelines} Nd5 10. O-O Be7 11. Re1 (11. Ng3 O-O 12. Bf5 c5 13. Nc3 Nxc3 14. dxc3 Qxd1 15. Rxd1 Bb7 16. Rd7 Rfe8 {1-0 (32) Wang,H (2690)-Fang,Y (2498) China 2017}) 11... O-O {LiveBook: 9 Games} 12. Bf1 (12. Ng3 $16) 12... c5 $146 ({Predecessor:} 12... f5 13. Nec3 Bf6 14. Nxd5 cxd5 15. d4 e4 16. Bf4 Nc6 {1-0 (44) Pershin,D (2345)-Savinov,L (2071) St Petersburg 2016}) 13. d3 Nc6 {[%cal Ba5c6,Bc6d4,Bd4e2][%mdl 32]} 14. Nbc3 Nf4 ({Black should try} 14... f5 $14) 15. Bxf4 $16 exf4 16. Nd2 (16. Na4 $16) 16... Rb8 $14 17. Nc4 Be6 18. Rb1 Nd4 19. Ne4 f3 {[#]} 20. g3 $1 Bg4 21. Ne5 Bh5 22. c3 (22. g4 $5 {[%cal Rg4h5]} f5 23. Ng3 (23. gxh5 fxe4 24. Rxe4 Bd6 $11) 23... Bxg4 24. c3 Ne2+ 25. Bxe2 (25. Nxe2 fxe2 26. Bxe2 Bd6 $14) 25... fxe2 26. Qa4 $16 {[%mdl 64] Double Attack}) 22... Ne2+ $1 23. Bxe2 fxe2 24. Qa4 {And now g4 would win.} Rb6 25. g4 Bd6 26. Nxd6 Rxd6 (26... Qxd6 $16 {was necessary.} 27. Rxe2 f6) 27. gxh5 (27. Rxe2 $18 {and White stays clearly on top.} Bg6 28. Rd1 (28. Qxa7 c4 $16 {[%mdl 64] Decoy})) 27... Qg5+ $16 {[#]} 28. Qg4 $1 {[%cal Rg4g5]} Qxe5 29. Rxe2 Qd5 30. Rbe1 Qxd3 31. Re8 Rd8 32. Rxf8+ Kxf8 {[%mdl 4096] Endgame KQR-KQR} 33. Qe4 Qd6 (33... Qxe4 $11 34. Rxe4 Rd1+ 35. Kg2 Rd2) 34. Qh7 {[%cal Rh7h8]} f6 35. Qg6 ({White should play} 35. Qe4 $14) 35... Qd5 36. a3 Qd2 37. Re3 Qxb2 38. Qe4 $36 {[%mdl 2048] White threatens Qe7+ and mate. White is more active.} Kg8 39. Qc4+ Kh8 40. Qxc5 Qb7 {( -> ...Rd1+)} 41. Re1 Qf3 {[%mdl 1024] aiming for ...Rd5. Black has compensation.} (41... Rd5 $5 {[%cal Rd5c5]} 42. Qf8+ Kh7 $15) 42. Qe7 Rd5 $2 {[%mdl 8192]} (42... Qg4+ $11 43. Kf1 Rd5 44. Qe8+ Kh7 45. Qe4+ Qxe4 46. Rxe4 Rxh5) 43. Qe8+ {White mates.} Kh7 44. Qg6+ Kg8 45. Re8# {Accuracy: White = 41%, Black = 44%.} 1-0

[Event "European Blitz-ch 2018"]
[Site "Skopje"]
[Date "2018.12.06"]
[Round "10"]
[White "Saraci, Nderim"]
[Black "Papasimakopoulos, Alexandros"]
[Result "1-0"]
[WhiteElo "2382"]
[BlackElo "2191"]
[PlyCount "147"]
[EventDate "2018.12.06"]
[EventType "swiss"]
[EventCountry "MKD"]
[TimeControl "180+2"]

1. e4 {[%emt 0:00:00]} e6 {[%emt 0:00:00]} 2. d4 {[%emt 0:00:01]} d5 {[%emt 0:00:00]} 3. Nd2 {[%emt 0:00:02]} Nf6 {[%emt 0:00:00]} 4. e5 {[%emt 0:00:01]} Nfd7 {[%emt 0:00:00]} 5. Bd3 {[%emt 0:00:01]} c5 {[%emt 0:00:01]} 6. c3 {[%emt 0:00:01]} Nc6 {[%emt 0:00:00]} 7. Ne2 {[%emt 0:00:01]} cxd4 {[%emt 0:00:01]} 8. cxd4 {[%emt 0:00:01]} f6 {[%emt 0:00:01]} 9. Nf4 {[%emt 0:00:40]} Nxd4 {[%emt 0:00:01]} 10. Qh5+ {[%emt 0:02:32]} Ke7 {[%emt 0:03:16]} 11. Ng6+ {[%emt 0:00:00]} hxg6 {[%emt 0:00:00]} 12. exf6+ {[%emt 0:00:00]} Nxf6 {[%emt 0:00:00]} 13. Qxh8 Kf7 14. O-O {[%emt 0:00:00]} e5 {[%emt 0:00:00]} 15. Nb3 {[%emt 0:00:00]} Nxb3 {[%emt 0:00:00]} 16. axb3 {[%emt 0:00:00]} Bf5 {[%emt 0:00:00]} 17. Bxf5 {[%emt 0:00:00]} gxf5 {[%emt 0:00:00]} 18. Qh3 {[%emt 0:00:00]} g6 {[%emt 0:00:00]} 19. Bg5 {[%emt 0:00:00]} Be7 {[%emt 0:00:00]} 20. Rfd1 {[%emt 0:00:00]} d4 {[%emt 0:00:00]} 21. Rac1 {[%emt 0:00:00]} Qd6 {[%emt 0:00:00]} 22. Qd3 {[%emt 0:00:00]} Rd8 {[%emt 0:00:00]} 23. h3 {[%emt 0:00:00]} Kg7 {[%emt 0:00:00]} 24. Qb5 {[%emt 0:00:00]} Rd7 {[%emt 0:00:00]} 25. Rc8 {[%emt 0:00:00]} a6 {[%emt 0:00:00]} 26. Qc4 {[%emt 0:00:00]} Qd5 {[%emt 0:00:00]} 27. Bxf6+ {[%emt 0:00:00]} Kxf6 {[%emt 0:00:00]} 28. Qc1 {[%emt 0:00:00]} Qxb3 {[%emt 0:00:00]} 29. Rf1 {[%emt 0:00:04]} d3 {[%emt 0:00:00]} 30. Qd2 {[%emt 0:00:28]} Kg7 {[%emt 0:00:00]} 31. Rc3 {[%emt 0:00:02]} Qd5 {[%emt 0:00:00]} 32. Rc8 {[%emt 0:00:01]} a5 {[%emt 0:00:07]} 33. Rd1 {[%emt 0:00:03]} e4 {[%emt 0:00:09]} 34. Qc3+ {[%emt 0:00:02]} Bf6 {[%emt 0:00:04]} 35. Qa3 {[%emt 0:00:02]} Be7 {[%emt 0:00:06]} 36. Qc3+ {[%emt 0:00:01]} Bf6 {[%emt 0:00:13]} 37. Qa3 {[%emt 0:00:01]} Qd6 {[%emt 0:00:01]} 38. Qxa5 {[%emt 0:00:07]} d2 {[%emt 0:00:04]} 39. Rc2 {[%emt 0:00:02]} Bg5 {[%emt 0:00:01]} 40. Qc3+ {[%emt 0:00:02]} Kh7 {[%emt 0:00:02]} 41. Qc5 {[%emt 0:00:03]} Qxc5 {[%emt 0:00:04]} 42. Rxc5 {[%emt 0:00:01]} Kg7 {[%emt 0:00:04]} 43. Kf1 {[%emt 0:00:01]} Bh6 {[%emt 0:00:01]} 44. Ke2 {[%emt 0:00:01]} Kf7 {[%emt 0:00:04]} 45. Rc3 {[%emt 0:00:02]} Bg5 {[%emt 0:00:02]} 46. g3 {[%emt 0:00:01]} Ke6 {[%emt 0:00:02]} 47. Rb3 {[%emt 0:00:03]} Kf7 {[%emt 0:00:02]} 48. h4 {[%emt 0:00:01]} Bh6 {[%emt 0:00:01]} 49. Rc3 {[%emt 0:00:03]} Ke6 {[%emt 0:00:03]} 50. Rc4 {[%emt 0:00:01]} b5 {[%emt 0:00:02]} 51. Rc6+ {[%emt 0:00:01]} Kf7 {[%emt 0:00:03]} 52. Rc5 {[%emt 0:00:02]} Rb7 {[%emt 0:00:04]} 53. Ra1 {[%emt 0:00:04]} b4 {[%emt 0:00:03]} 54. Rd1 {[%emt 0:00:03]} Ke6 {[%emt 0:00:02]} 55. Rc6+ {[%emt 0:00:01]} Kf7 {[%emt 0:00:01]} 56. g4 {[%emt 0:00:02]} fxg4 {[%emt 0:00:02]} 57. Rc4 {[%emt 0:00:01]} e3 {[%emt 0:00:03]} 58. fxe3 {[%emt 0:00:02]} Re7 {[%emt 0:00:01]} 59. Kxd2 {[%emt 0:00:02]} Rxe3 {[%emt 0:00:01]} 60. Rf1+ {[%emt 0:00:03]} Ke6 {[%emt 0:00:03]} 61. Kd1 {[%emt 0:00:03]} Rh3 {[%emt 0:00:02]} 62. Rxg4 {[%emt 0:00:01]} Kd5 {[%emt 0:00:03]} 63. Kc2 {[%emt 0:00:04]} b3+ {[%emt 0:00:01]} 64. Kd1 {[%emt 0:00:01]} Rh2 {[%emt 0:00:02]} 65. Rxg6 {[%emt 0:00:02]} Be3 {[%emt 0:00:01]} 66. Rg4 {[%emt 0:00:03]} Rxb2 {[%emt 0:00:01]} 67. Rf5+ {[%emt 0:00:03]} Ke6 {[%emt 0:00:01]} 68. Rb5 {[%emt 0:00:01]} Rd2+ {[%emt 0:00:05]} 69. Ke1 {[%emt 0:00:00]} Rd3 {[%emt 0:00:03]} 70. Ke2 Rc3 71. Re4+ {[%emt 0:00:02]} Kd6 {[%emt 0:00:02]} 72. Rxe3 {[%emt 0:00:01]} Rc2+ {[%emt 0:00:00]} 73. Kf3 {[%emt 0:00:01]} b2 {[%emt 0:00:01]} 74. Reb3 {[%emt 0:00:01] Kd5 [%clk 0:00:00] Ke4+ [%clk 0:00:00]} 1-0

[Event "European Blitz-ch 2018"]
[Site "Skopje"]
[Date "2018.12.06"]
[Round "10"]
[White "Petkidis, Anthony"]
[Black "Kalezic, Blazo"]
[Result "0-1"]
[WhiteElo "2375"]
[BlackElo "2460"]
[Annotator "TA"]
[PlyCount "121"]
[EventDate "2018.12.06"]
[EventType "swiss"]
[EventCountry "MKD"]

{[%evp 19,121,41,65,27,44,0,0,0,0,0,18,23,27,0,7,0,40,37,38,20,198,190,200,193,208,177,181,149,195,207,193,193,185,165,664,316,423,224,270,255,614,651,843,810,823,823,792,812,839,592,578,568,570,552,494,396,396,378,717,485,741,731,1151,405,1379,1179,2081,1238,1254,1262,1262,1235,1253,1248,1160,1161,1861,1682,29982,29983,29981,29982,29979,6541,29985,29986,29988,29988,29988,29989,29991,29992,29992,29985,29986,29987,29988,20,20,20,20,20,20,20]} 1. e4 e6 2. d4 d5 3. Nd2 a6 4. Bd3 Nf6 5. e5 Nfd7 6. c3 c5 7. Ne2 Nc6 8. f4 {C06: French Tarrasch: 3...Nf6 4 e5 Nfd7 5 Bd3 main lines} b5 9. O-O g6 10. Nf3 Qb6 {LiveBook: 4 Games} 11. g4 h5 $146 ({Predecessor:} 11... cxd4 12. cxd4 b4 13. Kg2 h5 14. h3 a5 15. Be3 Be7 {1-0 (37) Campora,D (2530)-Miana,E (2220) Buenos Aires 1986}) 12. h3 hxg4 13. hxg4 Bb7 14. Be3 c4 15. Bc2 Be7 16. Kg2 O-O-O 17. Ng3 a5 18. Rh1 b4 19. Qd2 f5 $2 {[#]} (19... Qa6 $11) 20. exf6 $1 $18 ({Worse is} 20. gxf5 gxf5 21. Kf2 Rdg8 $11) 20... Nxf6 21. g5 Ng4 22. Bxg6 Rhf8 23. Bh5 bxc3 24. bxc3 Nxe3+ 25. Qxe3 {Black must now prevent Rab1.} Qb2+ 26. Ne2 {Threatens to win with Bg6.} e5 $2 (26... Rxf4 27. Rab1 (27. Qxe6+ Kc7 $11) 27... Qxa2 28. Qxe6+ Kc7) 27. fxe5 (27. Nxe5 $142 Bd6 28. Rhb1) 27... Rg8 28. Bg4+ (28. Bf7 $142) 28... Kc7 29. Kg3 Rg7 $2 (29... Bc8 30. Bxc8 Kxc8) 30. Nf4 Rdg8 {and the idea ...Nd8 leaves Black hopeful.} 31. Ne6+ Kb8 32. Nxg7 Rxg7 33. Bf5 Ka7 34. Rhb1 Qa3 35. Rb5 Bb4 36. Rb1 Ne7 37. Kg4 Nxf5 38. Kxf5 {[%cal Bg4f5,Bf5f4,Bf4g3][%mdl 32]} Bc8+ $2 (38... Qxa2 39. R1xb4 axb4) 39. Kf4 Be7 (39... Be6 $142 40. Qc1 Qa4 41. R5xb4 axb4 42. Rxb4 Qa6) 40. Kg3 Qxa2 41. Qd2 (41. Qf4 $142 {e6 would kill now.} Qa3 42. Qc1 {[%mdl 64] Overworked Piece} Qxc1 43. Rxa5+ Ba6 44. Rxc1) 41... Qa4 (41... Qxd2 $142 42. Nxd2 Bxg5) 42. Qd1 Qa3 43. Qc1 {[%mdl 64] Overworked Piece} Qxc1 44. Rxa5+ Ba6 45. Rxc1 Kb6 46. Rxd5 Bc8 47. Rb1+ Kc6 48. Rdb5 Bf5 49. d5+ {[%cal Bd4d5,Bd5d6][%mdl 32]} Kd7 50. Rb7+ Ke8 51. Rb8+ (51. Ra1 $142 Be4 52. Ra8+ Kf7 53. Raa7 Kg8 54. Rxe7 Rxe7 55. Rxe7 Bxd5 56. Rd7) 51... Kf7 52. R1b7 Kg6 53. d6 Bf8 54. Nh4+ Kxg5 55. Rxg7+ Bxg7 56. Nxf5 Bxe5+ 57. Kf3 Kxf5 58. Rf8+ $2 (58. Rb5 {mates} Kf6 {[#]} 59. Rxe5 $1 {[%mdl 576] Promotion} Kxe5 60. d7 Kf6 61. d8=Q+ Kf7 62. Qd7+ Kg6 63. Kf4) 58... Ke6 $11 {The position is equal.} 59. Rc8 Bxc3 60. Rxc4 Be5 61. Rc6 {[%mdl 32768] Accuracy: White = 46%, Black = 40%. . Loss on time!?} 0-1

[Event "European Blitz-ch 2018"]
[Site "Skopje"]
[Date "2018.12.06"]
[Round "10"]
[White "Ozen, Bahadir"]
[Black "Erdos, Viktor"]
[Result "0-1"]
[WhiteElo "2349"]
[BlackElo "2605"]
[PlyCount "52"]
[EventDate "2018.12.06"]
[EventType "swiss"]
[EventCountry "MKD"]

{[%evp 22,52,0,0,0,2,29,26,17,20,26,0,0,-28,0,-32,-40,-126,-126,-126,-131,-127,-99,-250,-176,-586,-573,-608,-607,-592,-592,-566,-565]} 1. d4 Nf6 2. c4 g6 3. Nc3 d5 4. Bf4 Bg7 5. e3 O-O 6. Nf3 c5 7. dxc5 Ne4 {D93: Grünfeld: 4 Nf3 Bg7 5 Bf4 0-0 6 e3} (7... Qa5 8. Rc1 dxc4 9. Bxc4 Qxc5 10. Bb3 Nc6 11. O-O Qa5 12. h3 Bf5 13. Qe2 Ne4 14. Nd5 e5 15. Bg5 Nxg5 16. Nxg5 Qd8 17. h4 h6 18. g4 Bd7 19. Ne4 f5 20. gxf5 Bxf5 21. Ne7+ Kh7 22. Nxf5 gxf5 {1-0 (52) Riazantsev,A (2671)-Kulaots,K (2556) Tallinn 2016}) 8. Rc1 Nd7 9. cxd5 Qa5 10. Nd4 Ndxc5 11. Bc4 Nxc3 12. bxc3 {LiveBook: 22 Games} Bd7 13. O-O Rac8 14. Bb3 Nxb3 15. Qxb3 b5 $146 16. Qb4 Qxa2 17. Qxe7 Qxd5 18. Rfd1 Rfe8 19. Nf5 (19. Qa3 $15) 19... Qxf5 $17 20. Qxd7 Qxd7 ({Much less strong is} 20... Bxc3 21. Qxa7 b4 22. Rb1 $15) 21. Rxd7 a5 {[%cal Ba7a5,Ba5a4][%mdl 32] White must now prevent ...a4.} ({Much worse is} 21... Bxc3 $6 22. Rxa7 b4 23. Rb7 $11) (21... Rxc3 $6 22. Rxc3 Bxc3 23. Rxa7 $11) 22. Ra7 $2 {[#]} (22. Rd5 $17) 22... Bxc3 ({But not} 22... Rxc3 23. Rxc3 Bxc3 24. Kf1) 23. Rb1 $2 (23. Kf1 {is more resistant.}) 23... Ra8 $19 {Black is clearly winning.} 24. Rxa8 Rxa8 25. Rxb5 a4 26. Bd6 {and the idea Ba3 leaves White hopeful.} Rd8 {Accuracy: White = 22%, Black = 72%.} 0-1

[Event "European Blitz-ch 2018"]
[Site "Skopje"]
[Date "2018.12.06"]
[Round "10"]
[White "Jovic, Stanoje"]
[Black "Sebenik, Matej"]
[Result "0-1"]
[WhiteElo "2240"]
[BlackElo "2536"]
[Annotator "TA"]
[PlyCount "58"]
[EventDate "2018.12.06"]
[EventType "swiss"]
[EventCountry "MKD"]

{[%evp 14,58,6,-20,31,-59,-46,-43,-16,-10,0,-77,-63,-238,-84,-70,-76,-343,-342,-329,-333,-321,-280,-291,-219,-225,-230,-224,-57,-338,-332,-322,-104,-33,-108,-115,-115,-187,-125,-119,-121,-245,-237,-236,-225,-402,-206]} 1. c4 c5 2. Nf3 g6 3. g3 Bg7 4. Bg2 Nc6 5. Nc3 {[%cal Bb1c3,Bc3e4,Be4d6][%mdl 32]} e6 6. O-O Nge7 7. d4 {A37: Symmetrical English vs ...g6: 4 Bg2 Bg7 5 Nf3} (7. a3 d5 8. cxd5 exd5 9. b4 d4 10. Ne4 d3 11. Rb1 cxb4 12. axb4 Bf5 13. Nh4 dxe2 14. Qxe2 Nd4 15. Qd1 {½-½ (44) Van Wely,L (2656)-Vachier Lagrave,M (2793) chess.com INT 2018}) 7... Nxd4 8. Ne4 {LiveBook: 5 Games} d6 (8... O-O $11) 9. e3 (9. Nxd4 $14 cxd4 10. Qa4+ Nc6 11. Bg5) 9... Nxf3+ $15 10. Bxf3 d5 $146 ({Predecessor:} 10... Nf5 11. g4 Nh4 12. Nxd6+ Ke7 13. Nxc8+ Qxc8 14. Bh1 Rd8 {0-1 (49) Jovic,S (2294)-Nureev,G (2340) ICC INT 2009}) 11. cxd5 exd5 12. Qa4+ (12. Nxc5 $11 O-O 13. Re1) 12... Bd7 $17 13. Nd6+ {[%mdl 64] Double Attack} Kf8 14. Qf4 {[%csl Gd6][%cal Rf4f7]} Be6 $36 {[%mdl 2048] Black is on the roll.} 15. e4 $2 {[%mdl 8192] [#]} ({Don't blunder} 15. Nxb7 $2 Qb6 $19) (15. Nb5 $17 {was forced.}) 15... g5 $1 $19 {[%cal Rg5f4][%mdl 576] Deflection} 16. Qxg5 {[%cal Re4d5]} Qxd6 17. Bf4 Qd7 18. Be5 Rg8 19. exd5 Bxd5 20. Rad1 {next Bxd5 is good for White.} Rd8 $2 ({Better is} 20... Qe6 $19 21. Rxd5 Nxd5 22. Bxg7+ Rxg7 23. Qxd5 Qxd5 24. Bxd5 f6) 21. Bxd5 $4 {[%mdl 8192]} (21. Rfe1 $1 $15) 21... Nxd5 22. Rfe1 {And now Rxd5! would win.} h6 $2 (22... Bxe5 $19 {has better winning chances.} 23. Qxe5 f6) 23. Bxg7+ $17 Rxg7 24. Qxh6 {aiming for Re5.} Qc6 ({Worse is} 24... Kg8 25. Re5 $16) 25. Qh8+ Rg8 26. Qh4 Rd7 {[#]} 27. Re4 {[#]} (27. b4 $1 $17 {[%mdl 512]}) 27... Qf6 $1 $19 28. Qh3 Rd8 29. Rde1 $2 (29. a3) 29... Qg6 {Accuracy: White = 33%, Black = 45%.} (29... Nf4 $142 30. Qf1 Ne6) 0-1

[Event "European Blitz-ch 2018"]
[Site "Skopje"]
[Date "2018.12.06"]
[Round "10"]
[White "Abozenko, Georg"]
[Black "Pezelj, Novak"]
[Result "0-1"]
[WhiteElo "2079"]
[BlackElo "2475"]
[Annotator "TA"]
[PlyCount "113"]
[EventDate "2018.12.06"]
[EventType "swiss"]
[EventCountry "MKD"]

{[%evp 12,112,71,49,52,31,41,34,41,41,65,62,53,39,39,37,47,40,35,22,28,10,14,4,8,4,30,27,25,30,39,37,41,-43,-39,-35,-35,-60,-43,-57,0,-104,-101,-178,-176,-174,-109,-175,-175,-256,-260,-363,-296,-301,-159,-274,-210,-322,-349,-337,-334,-358,-352,-353,-353,-457,-449,-438,-355,-362,-360,-354,-333,-391,-383,-385,-360,-348,-330,-441,-372,-495,-497,-615,-508,-508,-472,-458,-445,-440,-224,-224,-220,-213,-214,-279,-253,-256,-17,-232,-225,-217,29999]} 1. e4 d5 2. exd5 Nf6 3. Nf3 Nxd5 4. d4 Bg4 5. h3 Bxf3 (5... Bh5 6. Be2 Nc6 7. O-O e6 8. c3 Be7 9. Ne5 Nxe5 10. Bxh5 Ng6 11. Qb3 Rb8 12. c4 Nf6 13. Bxg6 hxg6 14. Qa4+ c6 15. Qxa7 Bd6 {½-½ (49) Carlsen,M (2840)-Adhiban,B (2653) Wijk aan Zee 2017}) 6. Qxf3 {B01: Scandinavian Defence} c6 7. c3 {LiveBook: 3 Games} e6 8. Bd3 {White is slightly better.} Be7 9. O-O Nd7 10. Nd2 N7f6 11. Bc2 $146 ({Predecessor:} 11. Nc4 O-O 12. Ne5 Rc8 13. g4 {½-½ (29) Pecha,T (2241)-Kicmer,P (2216) Czechia 2010}) 11... O-O 12. Rd1 Qc7 13. Ne4 Nxe4 14. Qxe4 {[%csl Gc2][%cal Re4h7]} Nf6 15. Qh4 g6 16. Bf4 Nd5 17. Bxc7 Bxh4 18. Be5 b5 19. a4 a6 20. Be4 Be7 21. Ra2 b4 22. Rc1 (22. c4 $14 f6 23. Bg3 (23. cxd5 cxd5 24. Bxd5 exd5 $11)) 22... Bg5 $15 23. Re1 bxc3 24. Bxd5 Bd2 $36 {[%mdl 2048] Black has good play.} 25. Bxc6 c2 (25... Rac8 $1 $15 26. bxc3 Bxe1) 26. Rf1 (26. b4 $11 Bxe1 27. Rxc2) 26... Rac8 $17 27. Bb7 (27. d5 $17 {was worth a try.}) 27... c1=Q $19 28. Rxc1 Rxc1+ 29. Kh2 {[#]} a5 $1 30. Bd6 (30. b3 {was necessary.} Bc3 31. Ba6) 30... Rd8 31. Bc5 Rf1 32. Kg3 Be1 ({Black should play} 32... Rb8 $19 33. Ba6 Rb3+ 34. f3 Rc1) 33. b3 (33. d5 $17 {was the only chance.}) 33... Bc3 34. Bb6 (34. Ba6 $142 Rc1 35. Be7 Rxd4 36. Bg5) 34... Rb8 35. Ba6 {Threatens to win with Bc7.} Rd1 ({Less strong is} 35... Rxb6 36. Bxf1 Rxb3 37. Bc4 $17) 36. Be2 Rd2 ({Not} 36... Rxb6 37. Bxd1 Bxd4 38. f4 $15) 37. Rxd2 Bxd2 {[%mdl 4096] Endgame KRB-KB} 38. Bc5 Rxb3+ 39. f3 Rb1 40. Bb5 Bb4 41. Bb6 Kf8 42. Kf2 Rb2+ 43. Kg3 Be1+ 44. Kh2 h5 45. Bc7 Ke7 46. Be5 Bc3 47. Bh8 Rd2 48. Bg7 f6 49. Bh6 g5 50. h4 Bxd4 (50... Kf7 $142 51. hxg5 Rxd4) 51. hxg5 Be5+ 52. Kh3 Rd1 {[%cal Rd1h1]} 53. f4 Rh1+ 54. Kg3 Bc7 $2 ({Black should try} 54... h4+ $19 55. Kf3 Bd4) 55. gxf6+ $2 (55. g6 $11) 55... Kxf6 56. Bg5+ Kf5 $4 {[%mdl 8192] [#]} (56... Kf7 $19 57. Be2 Bd6) 57. Bd3# {[%mdl 32768] Accuracy: White = 37%, Black = 56%. . Loss on time!?} 0-1